[Event "Ouest Toulousain op-B 6th"]
[Site "Fontenilles"]
[Date "2011.03.09"]
[Round "4"]
[White "Moruzzi, Gerard"]
[Black "Goeau, Loic"]
[Result "1/2-1/2"]
[WhiteElo "1692"]
[BlackElo "1609"]
[PlyCount "67"]
[EventDate "2011.03.07"]
[EventType "swiss"]
[EventRounds "9"]
[EventCountry "FRA"]
[SourceTitle "EXT 2012"]
[Source "ChessBase"]
[SourceDate "2011.11.24"]
[SourceVersion "1"]
[SourceVersionDate "2011.11.24"]
[SourceQuality "1"]

1. e4 c5 2. Nf3 d6 3. Bc4 Nc6 4. d3 g6 5. Nc3 Bg7 6. Bg5 Nf6 7. Rb1 0-0 8. Bxf6 Bxf6 9. Nd5 Bg7 10. c3 Na5 11. Nd2 Nxc4 12. Nxc4 e6 13. Nde3 d5 14. Nd2 dxe4 15. dxe4 b5 16. 0-0 Qa5 17. Qc2 Bb7 18. Nb3 Qc7 19. Rbd1 Rad8 20. Rxd8 Rxd8 21. Rd1 Rxd1+ 22. Nxd1 Qe5 23. f3 f5 24. Nf2 b4 25. Nd3 Qc7 26. Ndxc5 bxc3 27. bxc3 Qb6 28. Kf1 Bc8 29. exf5 exf5 30. Qd3 Qf6 31. Qd5+ Kh8 32. Nd4 h5 33. h3 Kh7 34. Nce6 1/2-1/2

[Event "Ouest Toulousain op-B 6th"]
[Site "Fontenilles"]
[Date "2011.03.08"]
[Round "3"]
[White "Moruzzi, Gerard"]
[Black "Sauvan, Didier"]
[Result "0-1"]
[WhiteElo "1692"]
[BlackElo "1430"]
[PlyCount "86"]
[EventDate "2011.03.07"]
[EventType "swiss"]
[EventRounds "9"]
[EventCountry "FRA"]
[SourceTitle "EXT 2012"]
[Source "ChessBase"]
[SourceDate "2011.11.24"]
[SourceVersion "1"]
[SourceVersionDate "2011.11.24"]
[SourceQuality "1"]

1. e4 e6 2. d4 d5 3. Nc3 Nf6 4. e5 Nfd7 5. Nf3 a6 6. Bd3 c5 7. Be3 cxd4 8. Bxd4 Nc6 9. Ne2 Qc7 10. 0-0 Nxd4 11. Nexd4 Nxe5 12. Nxe5 Qxe5 13. Re1 Qf6 14. c3 Bd7 15. Re3 Be7 16. Rf3 Qe5 17. Rh3 h6 18. Nf3 Qc7 19. Nd2 e5 20. Rg3 g6 21. Nf1 0-0-0 22. Be2 Bc6 23. Qb3 h5 24. c4 h4 25. Rd3 d4 26. Rdd1 h3 27. Bg4+ Bd7 28. Bxd7+ Qxd7 29. g3 Bc5 30. Qf3 f5 31. Rac1 e4 32. Qh1 Rhf8 33. Ne3 Qe6 34. Nd5 g5 35. b4 Ba7 36. b5 d3 37. bxa6 bxa6 38. Rb1 f4 39. Rf1 f3 40. Rb3 e3 41. Rb2 exf2+ 42. Rbxf2 Bxf2+ 43. Rxf2 Qe1+ 0-1

[Event "Ouest Toulousain op-B 6th"]
[Site "Fontenilles"]
[Date "2011.03.07"]
[Round "1"]
[White "Moruzzi, Gerard"]
[Black "Dorleac, Joel"]
[Result "1-0"]
[WhiteElo "1692"]
[BlackElo "1570"]
[PlyCount "27"]
[EventDate "2011.03.07"]
[EventType "swiss"]
[EventRounds "9"]
[EventCountry "FRA"]
[SourceTitle "EXT 2012"]
[Source "ChessBase"]
[SourceDate "2011.11.24"]
[SourceVersion "1"]
[SourceVersionDate "2011.11.24"]
[SourceQuality "1"]

1. e4 Nf6 2. e5 Nd5 3. c4 Nb6 4. d4 e6 5. Nc3 Bb4 6. a3 Bxc3+ 7. bxc3 0-0 8. Nf3 d5 9. c5 N6d7 10. Bd3 Re8 11. Bxh7+ Kxh7 12. Ng5+ Kg6 13. h4 f5 14. h5+ 1-0

[Event "Muret Veterans op"]
[Site "Muret"]
[Date "2009.06.17"]
[Round "3"]
[White "Moruzzi, Gerard"]
[Black "Hocher, Eugene"]
[Result "1/2-1/2"]
[WhiteElo "1750"]
[BlackElo "1800"]
[PlyCount "105"]
[EventDate "2009.06.15"]
[EventType "swiss"]
[EventRounds "7"]
[EventCountry "FRA"]
[SourceTitle "EXT 2010"]
[Source "ChessBase"]
[SourceDate "2010.11.25"]
[SourceVersion "1"]
[SourceVersionDate "2010.11.25"]
[SourceQuality "1"]

1. e4 e6 2. d4 d5 3. exd5 exd5 4. c4 Nf6 5. Nc3 Be7 6. Nf3 0-0 7. Be2 Bg4 8. 0-0 c6 9. h3 Bh5 10. Be3 Re8 11. Ne5 Bxe2 12. Qxe2 Nbd7 13. cxd5 cxd5 14. Nxd7 Qxd7 15. Rac1 a6 16. Qd3 Rac8 17. Rc2 Bd8 18. Rfc1 Bc7 19. Ne2 Ne4 20. f3 Ng3 21. Nxg3 Bxg3 22. Bf2 Bf4 23. Rxc8 Rxc8 24. Re1 g6 25. b3 Bb8 26. Kf1 Re8 27. Re2 Rc8 28. Rc2 Kg7 29. Be3 h6 30. Qd2 Rxc2 31. Qxc2 g5 32. Qd2 f6 33. h4 Qf5 34. hxg5 hxg5 35. Ke2 Bg3 36. Qd3 Qe6 37. Kf1 Kh6 38. Bd2 f5 39. Qe3 Qf6 40. Qc3 Bd6 41. Be3 f4 42. Bf2 Qf5 43. Qd2 Kh5 44. Qe1 Qg6 45. g4+ fxg3 46. Bxg3 Bxg3 47. Qxg3 Qd3+ 48. Kg2 Qxd4 49. Qh3+ Kg6 50. Qe6+ Kh7 51. Qf7+ Kh6 52. Qe6+ Kg7 53. Qe7+ 1/2-1/2

[Event "Ouest Toulousain op-B 4th"]
[Site "Tournefeuille"]
[Date "2009.02.19"]
[Round "5"]
[White "Garcia del Prado, Bruno"]
[Black "Moruzzi, Gerard"]
[Result "1-0"]
[WhiteElo "1680"]
[BlackElo "1580"]
[PlyCount "57"]
[EventDate "2009.02.16"]
[EventType "swiss"]
[EventRounds "9"]
[EventCountry "FRA"]
[SourceTitle "CBM 128 Extra"]
[Source "ChessBase"]
[SourceDate "2009.03.05"]
[SourceVersion "2"]
[SourceVersionDate "2009.03.25"]
[SourceQuality "1"]

1. e4 e5 2. Nf3 Nc6 3. d4 exd4 4. Nxd4 Nxd4 5. Qxd4 Qf6 6. Be3 Qxd4 7. Bxd4 d6 8. Nc3 c6 9. Bd3 Bd7 10. 0-0 Ne7 11. f4 b5 12. b4 f6 13. a4 f5 14. axb5 fxe4 15. Bxe4 d5 16. Bf3 Kd8 17. bxc6 Bxc6 18. Bxa7 Kc8 19. b5 Bb7 20. Rfd1 Ng6 21. Bg4+ Kc7 22. Be3 Rxa1 23. Rxa1 Bd6 24. b6+ Kb8 25. g3 Re8 26. Bd4 Nxf4 27. Nb5 Bc5 28. Bxc5 h5 29. Bd6# 1-0